Quizzes
Events
Quiz Creation
Community
Videos
Private Events
Remove Ads
Sign In
Join for FREE
Feedback
Dark Mode
Quiz Categories
Sports
Geography
Music
Movies
Television
Just For Fun
Miscellaneous
History
Literature
Language
Science
Gaming
Entertainment
Religion
Holiday
For Kids
Quiz Lab
Recent
Popular Today
Quiz Kudos Today
Editor Picks
Curator Picks
Quizzes by...
Day
Popularity
Type
Ratings
Length
Year
Community
Subscriptions
Recent Discussions
Orange Saloon
Badges
Playlists
Quests
Create
Leaderboards
Showdown
Live 5
Trivia Bingo
Activity
Puzzle Library
Sporcle Events
Private Events
Virtual Trivia
Globe League
Become a Host
Pub Owners
SporcleCon
Opinionation
Our Games
Videos
Blog
Mobile Apps
Partnerships
Remove Ads and Go Orange
Feedback
Sports
Athletes
MLB
NBA
NHL
NFL
Soccer
Sports Teams
WWE
NCAA
Football
Premier League
Basketball
Baseball
Hockey
Golf
Tennis
Cricket
Rugby
Auto Racing
Olympics
World Cup
Sports
Athletes
MLB
NBA
NHL
NFL
Soccer
Sports Teams
WWE
NCAA
Football
Premier League
Basketball
Baseball
Hockey
Golf
Tennis
Cricket
Rugby
Auto Racing
Olympics
World Cup
Random Quiz
Search Sporcle
×
Quiz Lab
Quiz Lab
Sports
NCAA
Type in answers that appear in a list
Type in answers that appear in a list
Classic
Best Score? Go Orange.
NCAA Lacrosse Champions Stats
Can you name the NCAA Lacrosse Champions?
By
PittFlax473
7m
43 Questions
103 Plays
103 Plays
103 Plays
Comments
Comments
Give Quiz Kudos
Give Quiz Kudos
-
- Ratings
hide this ad
Forced Order
Answers have to be entered in order
Answers have to be entered in order
Replay
Link that replays current quiz
Next Quiz
Link to next quiz in quiz playlist
You Got
0%
They Got
Avg Score
75%
Avg Friend Score
Upgrade to see
Score Distribution
Jump to the score distribution portion of the page
Score
0/43
Timer
07:00
0
Plays Today
Year
Champion
% Correct
2010
Duke
82.5%
1974
John's Hopkins
81.6%
1971
Cornell
80.6%
1978
John's Hopkins
79.6%
2006
Virginia
79.6%
2009
Syracuse
79.6%
2011
Virginia
79.6%
1972
Virginia
78.6%
1979
John's Hopkins
78.6%
1980
John's Hopkins
78.6%
1984
John's Hopkins
78.6%
1987
John's Hopkins
78.6%
2008
Syracuse
78.6%
1973
Maryland
77.7%
1985
John's Hopkins
77.7%
1988
Syracuse
77.7%
1989
Syracuse
77.7%
1990
Syracuse
77.7%
2007
John's Hopkins
77.7%
1975
Maryland
76.7%
1983
Syracuse
76.7%
1993
Syracuse
76.7%
Year
Champion
% Correct
2000
Syracuse
76.7%
2003
Virginia
76.7%
2005
John's Hopkins
76.7%
1992
Princeton
75.7%
1994
Princeton
75.7%
1995
Syracuse
75.7%
1996
Princeton
75.7%
1998
Princeton
75.7%
1999
Virginia
75.7%
2004
Syracuse
75.7%
2002
Syracuse
74.8%
1981
North Carolina
73.8%
1982
North Carolina
73.8%
1997
Princeton
73.8%
2001
Princeton
73.8%
1976
Cornell
72.8%
2012
Loyola (MD)
72.8%
1977
Cornell
71.8%
1991
North Carolina
71.8%
1986
North Carolina
70.9%
2013
Syracuse
66.7%
Quiz Playlist
Details
Report
Send in Message
Add To Playlist
Classic:
Type in answers that appear in a list
Forced Order:
Answers have to be entered in order
Last Updated: Feb 16, 2017
Quiz Scoreboard
CHALLENGE
Sign Up to Join the Scoreboard
Show All
Scores
Hide
Comments
May contain spoilers
Recently Published
Movies - When Are They Set?
by FPL_Elf
Movies
5m
Popular People in 1961
by mucciniale
History
6m
1-10 Letter E Words III
by El_Dandy
Language
2m
More to Explore
Quiz From the Vault
Featured Blog Post
Where Did the Easter Bunny Come From?
hide this ad
You Might Also Like...
Tags
NCAA Quiz
Championship Game
College Sports
lacrosse
Lacrosse Champions
NCAA Lacrosse
NCAA Mens
Today's Top Quizzes in Sports
Browse Sports
hide this ad
Today's Top Quizzes in NCAA
Browse NCAA
Top Contributed Quizzes in Sports
1
Les meilleurs buteurs des matchs entre le PSG et l’OM
2
FIFA Club World Cup Champions
3
Les entraîneurs de l'OM et du PSG au 21e siècle
4
2022 World Cup Stars
5
Name the Premier League winners with different clubs
6
La finale Lions - Afrique du Sud 2021
7
Criteria MLB: Left Handed Sluggers
8
Les joueurs passés par le LOSC et le RC Lens
9
Players with Multiple 50 Home Run Seasons
10
MLB Players with Two .350 Batting Average Seasons
Explore More
Trending Topics
Disney
Kpop
Marvel
Harry Potter
NBA
Crossword
Anime
Country
Pokémon
NFL
Song
WWE
Puzzle
Soccer
The Office
hide this ad
More By:
PittFlax473
Quiz
Plays
Rating
Category
Featured
Created
2013 NFL Rushing Leaders (Yards)
494
5.00
Sports
Dec 31, 2013
NCAA Lacrosse Champions
103
3.00
Sports
Jun 2, 2012
Go to Creator's Profile
Score Distribution
Quiz Creator Spotlight
PittFlax473
Follow
Send a Message
Quizzes Created
-
Created Quiz Play Count
-
More By This Creator
Popular Quizzes Today
1
Find the Countries of Europe - No Outlines Minefield
2
Find the US States - No Outlines Minefield
3
The Countries of the World
4
Popular People in 1961
5
1-10 Letter E Words III
6
US States
7
Find the US States
8
One Thing in Common: World Cities II
More Sports Quizzes
Risky Clicking: MLB National League States
Published
Trending Quizzes
Risky Map Clicking: Least Populous States A-Z
Humor Books: The Subtitles
1-10 Letter F Words
1-10 Letter G Words
One Thing in Common: United Kingdom
Recently Updated
Leaping Animals
pecheneg
Reality TV Shows (A-Z)
bhenderson79
Rickey Henderson's Hall of Fame Teammates
pecheneg
Champions League XIs: Arsenal
pecheneg
Quick Pick: Celebrities in WWE's Hall of Fame
aduchscher
A-Z Keypad Blitz II
pecheneg
Multiple Oscar Actors
pecheneg
Mystery Phrase Blitz: Oscar 'Best Actors'
pecheneg
F. Scott Fitzgerald Novels
LTH
Pick 3 Villains
ddd62291
Trending Topics
Anime
Kpop
Crossword
Disney
Marvel
Harry Potter
NBA
Country
WWE
Puzzle
NFL
Pokémon
Song
The Office
Soccer
Your Account Isn't Verified!
In order to create a playlist on Sporcle, you need to verify the email address you used during registration. Go to your
Sporcle Settings
to finish the process.
Report this User
Report this user for behavior that violates our
Community Guidelines
.
Details:
Send Report
Go to the Sporcle.com Mobile Site →
Comments